| 000 | 00878nas a2200277 4500 | ||
|---|---|---|---|
| 001 | BR9203015 | ||
| 003 | BR-BrBNA | ||
| 005 | 20231205092604.0 | ||
| 007 | ta | ||
| 008 | 230509b bl.|||p| |||| 00| 00por d | ||
| 040 |
_aBR-BrBNA _bpor _cBiblioteca Nacional de Agricultura |
||
| 041 | _a(Pt) | ||
| 072 | _aC20; A01 | ||
| 100 | 1 | _aOliveira, J.A.M. | |
| 100 | 1 | _aBressan, M. | |
| 100 | 1 | _aBarros, E. de V. | |
| 100 | 1 | _aMuniz, J.N. | |
| 245 | 1 | _aDescricao da produtividade cientifica de tres centros de recursos da Empresa Brasileira de Pesquisa Agropecuaria | |
| 650 | _aEXTENSAO RURAL | ||
| 650 | _aAGRICULTURA | ||
| 650 | _aEDUCACAO | ||
| 650 | _aPROGRAMA EDUCACIONAL | ||
| 773 | 0 |
_tCadernos de Difusao de Tecnologia (Brazil) _xISSN 0102-1869 _g(Jan-Dec 1988), v. 5(1-3) p. 151-164 _wBR9203015 |
|
| 909 |
_a202311 _bLúcia _c55 _dLúcia Elande |
||
| 942 |
_2AGRIS _n0 _cANA |
||
| 999 |
_c132695 _d132695 |
||